00385nam a22001337a 450000500170000000800410001704100230005808200120008110000230009324500310011626000470014730000320019465000250022620240805063816.0240805b |||||||| |||| 00| 0 eng d aEnglish/Afrikaans  a349 SOU lEnglish/Afrikaans  aSouth African Law Reports  aJohannesburg: bDigma Publications, c1928 bxxiii, 498 pages; c25 cm.  aLegal practice bLaw